| 000 | 01220nam a2200313 a 4500 | ||
|---|---|---|---|
| 001 | 000019441 | ||
| 005 | 20240313182403.0 | ||
| 008 | 100629t2003 sp ach 001 0bspa d | ||
| 020 | _a8484038734 | ||
| 040 |
_aDO-SdBNP _bspa _cBNPHU |
||
| 082 |
_a923.9 _bC719c |
||
| 245 | 0 | 0 |
_aCristóbal Colón / _cDirección de la obra Francisco Luis Cardona Castro ; Cordinadores Manuel Giménez Saurina, Manuel Mas Franch, Miguel Giménez Saurina. |
| 260 |
_aMadrid : _bEdimat Libros, _c2003. |
||
| 300 |
_a190 p. : _bil., facsíms., retr. ; _c24 cm. |
||
| 490 | 1 | _aGrandes biografías | |
| 500 | _aIncluye cronología de la época. | ||
| 504 | _aBibliografía sobre Colón : p. 6-7. | ||
| 600 | 0 |
_aCOLÓN, CRISTOBAL, _d1436-1456 _919795 |
|
| 600 | 1 | 4 |
_aCOLÓN, CRISTÓBAL _d1451-1506 _xVIAJES _918590 |
| 650 | 4 |
_aExploradores _zAmérica _xBiografías _924585 |
|
| 650 | 4 |
_aAmérica _xDescubrimiento y exploraciones _920820 |
|
| 700 | 1 |
_aCardona Castro, Francisco Luis, _ddir. _941737 |
|
| 700 | 1 |
_aGiménez Saurina, Manuel _941723 |
|
| 700 | 1 |
_aMas Franch, Manuel _941724 |
|
| 700 | 1 |
_aGiménez Saurina, Miguel _941725 |
|
| 830 | 0 |
_aGrandes biografías _911230 |
|
| 910 | _aValidado. Control de calidad EMS. | ||
| 049 | _aBNPD | ||
| 999 |
_c18957 _d18957 |
||